000 00346nam a22001097a 4500
008 230703b xxu||||| |||| 00| 0 eng d
082 _a342.16
_bIPU
245 _aConstitutional and Parliamentary Information ASGP
_bAssociation of Secretaries General of Parliaments
260 _bInter-Parliamentary Union
_c1990
300 _a136p
942 _2ddc
_cBK
999 _c3415
_d3415